Batalla naval [juego] /
Guardado en:
| Formato: | Objeto Físico |
|---|---|
| Publicado: |
Argentina :
Olek,
[200?]
|
| Materias: | |
| Etiquetas: |
Agregar Etiqueta
Sin Etiquetas, Sea el primero en etiquetar este registro!
|
| LEADER | 00693nrm a22001455g 4500 | ||
|---|---|---|---|
| 001 | CEM.cems019469 | ||
| 008 | 130507b200?##################0###0#####d | ||
| 005 | 20220830185718.0 | ||
| 245 | 0 | 0 | |a Batalla naval [juego] / |c Olek |
| 260 | |a Argentina : |b Olek, |c [200?] | ||
| 300 | |a 1 juego (1 tablero plástico desplegable,2 portaviones, 2 acorazados, 4 cazatorpedos, 6 submarinos todos divididos en dos colores, 130 clavijas tocado, 74 clavijas agua) ; en caja 14 x 13 x 3 cm. + instrucciones. | ||
| 500 | |a Para 2 jugadores a partir de 8 años objetivo: hundir la flota de tu oponente. | ||
| 082 | 0 | 4 | |a J793.92 |
| 653 | |a 1. juegos de estrategia de guerra | ||
| 859 | |a CEMS |b BIB. CEMS - Ludoteca |h J793.92 |i Ol2 |p 284.03 |t Ej.1 | ||
